[Event "IECG QN.2003.0.00256 email"]
[Site "IECG email"]
[Date "2003.01.18"]
[Round "?"]
[White "Silander, Duncan"]
[Black "Dunn, Stephen"]
[Result "0-1"]
[WhiteElo "800"]
[BlackElo "928"]
[PlyCount "46"]
[EventDate "2003.01.18"]
[EventType "tourn (corr)"]
[EventRounds "6"]
[SourceTitle "Corr 2008"]
[Source "ChessBase"]
[SourceDate "2008.06.24"]
[SourceVersion "1"]
[SourceVersionDate "2008.06.24"]
[SourceQuality "1"]

1. e4 e5 2. Nf3 f5 3. Nc3 fxe4 4. Nxe4 Nf6 5. Nxe5 Qe7 6. Nxf6+ gxf6 7. Qh5+ Kd8 8. d4 d6 9. Bf4 dxe5 10. dxe5 Qb4+ 11. Bd2 Qe4+ 12. Be2 Qxe5 13. 0-0-0 Qxh5 14. Bxh5 Bd7 15. Bf4 f5 16. Rd3 a5 17. Rhd1 a4 18. g4 Ra5 19. Bd2 Ra6 20. gxf5 Bh6 21. Bg4 Bxd2+ 22. R1xd2 Rf6 23. c4 Rg8 0-1